000 00369nam a2200133Ia 4500
008 151001s9999||||xx |||||||||||||| ||und||
100 _aदिनेश चमोला
245 _aप्रतिनिधी बाल कहानियाँ
250 _a1
260 _bआत्माराम
260 _c1999
300 _a392
365 _b21
999 _c975932
_d975929